El Salvador: un proceso de democratización que se estanca /

Guardado en:
Bibliografiske detaljer
Hovedforfatter: Fernández, Oscar A.
Format: Texto
Fag:
Tags: Tilføj Tag
Ingen Tags, Vær først til at tagge denne postø!

MARC

LEADER 00000 a a2200000 04500
001 1928
003
040
100 |a Fernández, Oscar A.  
245 |a El Salvador:   |b un proceso de democratización que se estanca /  |c Oscar A. Fernández 
650 |a DEMOCRACIA  
650 |a SOCIEDAD  
650 |a ASPECTOS POLITICOS  
650 |a AJUSTE ESTRUCTURAL  
650 |a INSTITUCIONES PUBLICAS  
773 |g número 20; páginas 25-33  
999 |c 30613  |d 30613